<?xml version="1.0" encoding="UTF-8"?>
<record
    xmlns:xsi="http://www.w3.org/2001/XMLSchema-instance"
    xsi:schemaLocation="http://www.loc.gov/MARC21/slim http://www.loc.gov/standards/marcxml/schema/MARC21slim.xsd"
    xmlns="http://www.loc.gov/MARC21/slim">

  <leader>00966nam a22001937a 4500</leader>
  <controlfield tag="003">NALT</controlfield>
  <controlfield tag="005">20211130110536.0</controlfield>
  <controlfield tag="008">      s2547    th                  tha d</controlfield>
  <datafield tag="040" ind1=" " ind2=" ">
    <subfield code="a">NALT</subfield>
  </datafield>
  <datafield tag="041" ind1=" " ind2=" ">
    <subfield code="a">tha</subfield>
  </datafield>
  <datafield tag="090" ind1=" " ind2=" ">
    <subfield code="a">&#xE27; KE144</subfield>
    <subfield code="b">&#xE1E;197&#xE01; 2547 </subfield>
  </datafield>
  <datafield tag="100" ind1="0" ind2=" ">
    <subfield code="a">&#xE1E;&#xE19;&#xE32; &#xE17;&#xE2D;&#xE07;&#xE21;&#xE35;&#xE2D;&#xE32;&#xE04;&#xE21;</subfield>
  </datafield>
  <datafield tag="245" ind1="1" ind2="0">
    <subfield code="a">&#xE01;&#xE32;&#xE23;&#xE1B;&#xE23;&#xE30;&#xE40;&#xE21;&#xE34;&#xE19;&#xE1C;&#xE25;&#xE01;&#xE32;&#xE23;&#xE17;&#xE33;&#xE07;&#xE32;&#xE19;&#xE02;&#xE2D;&#xE07;&#xE2D;&#xE07;&#xE04;&#xE4C;&#xE01;&#xE23;&#xE2D;&#xE34;&#xE2A;&#xE23;&#xE30; :</subfield>
    <subfield code="b">&#xE04;&#xE13;&#xE30;&#xE01;&#xE23;&#xE23;&#xE21;&#xE01;&#xE32;&#xE23;&#xE2A;&#xE34;&#xE17;&#xE18;&#xE34;&#xE21;&#xE19;&#xE38;&#xE29;&#xE22;&#xE0A;&#xE19;&#xE41;&#xE2B;&#xE48;&#xE07;&#xE0A;&#xE32;&#xE15;&#xE34; (&#xE1A;&#xE17;&#xE2A;&#xE23;&#xE38;&#xE1B;&#xE1C;&#xE39;&#xE49;&#xE1A;&#xE23;&#xE34;&#xE2B;&#xE32;&#xE23;) /</subfield>
    <subfield code="c">&#xE1E;&#xE19;&#xE32; &#xE17;&#xE2D;&#xE07;&#xE21;&#xE35;&#xE2D;&#xE32;&#xE04;&#xE21;</subfield>
  </datafield>
  <datafield tag="260" ind1=" " ind2=" ">
    <subfield code="a">&#xE19;&#xE19;&#xE17;&#xE1A;&#xE38;&#xE23;&#xE35; : </subfield>
    <subfield code="b">&#xE2A;&#xE33;&#xE19;&#xE31;&#xE01;&#xE27;&#xE34;&#xE08;&#xE31;&#xE22;&#xE41;&#xE25;&#xE30;&#xE1E;&#xE31;&#xE12;&#xE19;&#xE32; &#xE2A;&#xE16;&#xE32;&#xE1A;&#xE31;&#xE19;&#xE1E;&#xE23;&#xE30;&#xE1B;&#xE01;&#xE40;&#xE01;&#xE25;&#xE49;&#xE32;, </subfield>
    <subfield code="c">2547</subfield>
  </datafield>
  <datafield tag="300" ind1=" " ind2=" ">
    <subfield code="a">11 &#xE2B;&#xE19;&#xE49;&#xE32; ;</subfield>
    <subfield code="b">21 &#xE0B;&#xE21;.</subfield>
  </datafield>
  <datafield tag="650" ind1="0" ind2="4">
    <subfield code="a">&#xE04;&#xE13;&#xE30;&#xE01;&#xE23;&#xE23;&#xE21;&#xE01;&#xE32;&#xE23;&#xE2A;&#xE34;&#xE17;&#xE18;&#xE34;&#xE21;&#xE19;&#xE38;&#xE29;&#xE22;&#xE0A;&#xE19;&#xE41;&#xE2B;&#xE48;&#xE07;&#xE0A;&#xE32;&#xE15;&#xE34; -- &#xE27;&#xE34;&#xE08;&#xE31;&#xE22;</subfield>
  </datafield>
  <datafield tag="850" ind1=" " ind2=" ">
    <subfield code="a">NALT</subfield>
  </datafield>
  <datafield tag="942" ind1=" " ind2=" ">
    <subfield code="c">RSH</subfield>
    <subfield code="2">lcc</subfield>
  </datafield>
  <datafield tag="999" ind1=" " ind2=" ">
    <subfield code="c">44140</subfield>
    <subfield code="d">44140</subfield>
  </datafield>
  <datafield tag="998" ind1=" " ind2=" ">
    <subfield code="j">109</subfield>
    <subfield code="k"> &#xE2D;&#xE32;&#xE23;&#xE35;&#xE23;&#xE31;&#xE15;&#xE19;&#xE4C; &#xE27;&#xE34;&#xE0A;&#xE32;&#xE0A;&#xE48;&#xE32;&#xE07;</subfield>
  </datafield>
  <datafield tag="952" ind1=" " ind2=" ">
    <subfield code="0">0</subfield>
    <subfield code="1">0</subfield>
    <subfield code="4">0</subfield>
    <subfield code="7">0</subfield>
    <subfield code="8">CRSH</subfield>
    <subfield code="a">NALT</subfield>
    <subfield code="b">NALT</subfield>
    <subfield code="l">0</subfield>
    <subfield code="o">&#xE27; KE144 &#xE1E;197&#xE01; 2547</subfield>
    <subfield code="p">3961151624</subfield>
    <subfield code="r">2017-06-09 00:00:00</subfield>
    <subfield code="w">2017-06-09</subfield>
    <subfield code="y">RSH</subfield>
  </datafield>
</record>
